| 000 | 00692nam a2200181 a 4500 | ||
|---|---|---|---|
| 001 | 000028807 | ||
| 005 | 20230308115615.0 | ||
| 008 | 110412s19uu dr 000 0 spa d | ||
| 040 |
_aDO-SdBNP _bspa _cBNPHU |
||
| 082 |
_axxx _bR426c |
||
| 110 | 1 |
_aRepública Dominicana. _bComisionado de Apoyo a la Reforma y Modernización de la Justicia _917179 |
|
| 240 | 0 | _a[Leyes, etc.] | |
| 245 | 1 | 0 |
_aConstitución de la República Dominicana : _bmi compromiso es con la justicia constitucional. |
| 260 |
_aSanto Domingo : _bComisionado de Apoyo a la Reforma y Modernización de la justicia, _c[19--?]. |
||
| 300 |
_a30 p. ; _c28 cm. |
||
| 500 | _aSemana de la justicia constitucional | ||
| 049 | _aBNPD | ||
| 999 |
_c28299 _d28299 |
||